[Event "Montreal Mercredi 08"]
[Site "Montreal"]
[Date "2016.08.31"]
[Round "1"]
[White "Jacquet, Stephane"]
[Black "Sheldon, Keesal"]
[Result "1-0"]
[WhiteElo "2050"]
[BlackElo "2004"]
[PlyCount "65"]
[EventDate "2016.08.31"]
[EventType "swiss"]
[EventRounds "5"]
[EventCountry "CAN"]
[SourceTitle "EXT 2022"]
[Source "ChessBase"]
[SourceDate "2021.10.06"]
[SourceVersion "1"]
[SourceVersionDate "2021.10.06"]
[SourceQuality "1"]

1. d4 Nf6 2. c4 e6 3. Nf3 d5 4. Nc3 Bb4 5. Qc2 0-0 6. Bg5 h6 7. Bxf6 Qxf6 8. e3 c6 9. a3 Bxc3+ 10. bxc3 Nd7 11. cxd5 cxd5 12. Bb5 a6 13. Bxd7 Bxd7 14. Ne5 Rfd8 15. 0-0 Rac8 16. Rfb1 Rc7 17. Rb6 Qe7 18. Qb2 Be8 19. Nd3 Rdc8 20. Nc5 Bc6 21. Rb1 Qe8 22. g3 Qe7 23. h4 Qe8 24. Qb4 Qe7 25. Kg2 Qe8 26. Rb3 Qe7 27. a4 Qe8 28. Nxb7 Rb8 29. Nc5 Rxb6 30. Qxb6 Qc8 31. Qxa6 Qxa6 32. Nxa6 Bxa4 33. Rb8+ 1-0

[Event "Montreal Pere Noel"]
[Site "Montreal"]
[Date "1993.12.28"]
[Round "3"]
[White "Sheldon, Keesal"]
[Black "Gravel, Simon M"]
[Result "0-1"]
[WhiteElo "1984"]
[BlackElo "2203"]
[PlyCount "70"]
[EventDate "1993.12.26"]
[EventType "swiss"]
[EventRounds "5"]
[EventCountry "CAN"]
[SourceTitle "EXT 2022"]
[Source "ChessBase"]
[SourceDate "2021.10.06"]
[SourceVersion "1"]
[SourceVersionDate "2021.10.06"]
[SourceQuality "1"]

1. e4 e5 2. Nf3 Nc6 3. Nc3 Nf6 4. Bb5 Nd4 5. Ba4 Bc5 6. Nxe5 0-0 7. 0-0 d6 8. Nd3 Bg4 9. Qe1 Qc8 10. Nf4 c6 11. d3 g5 12. Nce2 gxf4 13. Nxd4 Bxd4 14. c3 Bb6 15. Bxf4 d5 16. e5 Qf5 17. Bh6 Rfe8 18. d4 Qg6 19. Bf4 Nh5 20. Bg3 f6 21. f4 Bf5 22. Rf3 Be4 23. Re3 Kh8 24. Qe2 Qf5 25. Rf1 Rg8 26. Bd1 Nxg3 27. hxg3 fxe5 28. fxe5 Qg5 29. Qe1 c5 30. Qd2 cxd4 31. cxd4 Raf8 32. Be2 Rxf1+ 33. Bxf1 Re8 34. Qc3 Rxe5 35. Qc8+ Kg7 0-1

[Event "Quebec op"]
[Site "Laval"]
[Date "1984.08.09"]
[Round "5"]
[White "Dougherty, Michael J"]
[Black "Sheldon, Keesal"]
[Result "1/2-1/2"]
[WhiteElo "2095"]
[BlackElo "1944"]
[PlyCount "120"]
[EventDate "1984.08.05"]
[EventType "swiss"]
[EventRounds "8"]
[EventCountry "CAN"]
[SourceTitle "EXT 2022"]
[Source "ChessBase"]
[SourceDate "2021.10.06"]
[SourceVersion "1"]
[SourceVersionDate "2021.10.06"]
[SourceQuality "1"]

1. d4 e6 2. c4 Nf6 3. Nc3 Bb4 4. e3 0-0 5. Nge2 d5 6. a3 Be7 7. Nf4 c6 8. b4 dxc4 9. Bxc4 b5 10. Ba2 a5 11. Rb1 axb4 12. axb4 Na6 13. Nd3 Nd5 14. Bxd5 exd5 15. Rb3 Bf5 16. Nc5 Nxc5 17. bxc5 Ra1 18. 0-0 Qa5 19. e4 dxe4 20. Qc2 Be6 21. d5 Bxd5 22. Rxb5 cxb5 23. Nxd5 Qd8 24. Rd1 Bg5 25. Bb2 Rxd1+ 26. Qxd1 e3 27. fxe3 Re8 28. Kf2 Bxe3+ 29. Nxe3 Qh4+ 30. g3 Qxh2+ 31. Ng2 Qh3 32. Qd5 Qg4 33. Nf4 h5 34. Qf3 Qf5 35. Nd3 Qd7 36. c6 Qd6 37. Bc1 Qd4+ 38. Kg2 Qc4 39. Bf4 Qc2+ 40. Nf2 b4 41. c7 b3 42. Qd1 Qc6+ 43. Kh2 Qb6 44. Ne4 b2 45. Qd7 Rf8 46. Nc3 Qf2+ 47. Kh3 Qe1 48. Qc6 Rc8 49. Qb7 Rxc7 50. Bxc7 Qxc3 51. Qb8+ Kh7 52. Be5 Qxe5 53. Qxe5 b1Q 54. Qxh5+ Kg8 55. Qd5 Qf1+ 56. Kh2 Qe2+ 57. Kg1 Qe1+ 58. Kg2 Qe2+ 59. Kg1 Qe1+ 60. Kg2 Qe8 1/2-1/2